တရားအသိလူမျက်စိ / (Record no. 16772)

000 -LEADER
fixed length control field 01082nam a2200241Ia 4500
003 - CONTROL NUMBER IDENTIFIER
control field OSt
005 - DATE AND TIME OF LATEST TRANSACTION
control field 20241030093023.0
007 - PHYSICAL DESCRIPTION FIXED FIELD--GENERAL INFORMATION
fixed length control field ca aa aaaaa
008 - FIXED-LENGTH DATA ELEMENTS--GENERAL INFORMATION
fixed length control field 201103s9999 xx 000 0 und d
040 ## - CATALOGING SOURCE
Transcribing agency SSBUL
041 ## - LANGUAGE CODE
Language code of text/sound track or separate title bur
082 ## - DEWEY DECIMAL CLASSIFICATION NUMBER
Edition number 23
Classification number ၂၉၄.၃၄၄၃ သိ
Item number ၉၂၆၆ S-SAT
100 0# - MAIN ENTRY--PERSONAL NAME
Personal name သိရိန္ဒာဘိဝံသ၊ အရှင်(ယော)
9 (RLIN) 15783
245 10 - TITLE STATEMENT
Title တရားအသိလူမျက်စိ /
Statement of responsibility, etc. အရှင်သိရိန္ဒာဘိဝံသ(ယော)။
250 ## - EDITION STATEMENT
Edition statement ဒုတိယအကြိမ်။
264 ## - PRODUCTION, PUBLICATION, DISTRIBUTION, MANUFACTURE, AND COPYRIGHT NOTICE
Place of production, publication, distribution, manufacture ရန်ကုန် ၊
Name of producer, publisher, distributor, manufacturer ဝင်းစာပေတိုက်၊
Date of production, publication, distribution, manufacture, or copyright notice ၁၉၉၈။
Place of production, publication, distribution, manufacture ရန်ကုန် ၊
Name of producer, publisher, distributor, manufacturer ဝင်းစာပေတိုက်၊
Date of production, publication, distribution, manufacture, or copyright notice ၂၀၀၁။
300 ## - PHYSICAL DESCRIPTION
Extent ၆၀ စာမျက်နှာ ၊
Dimensions ၁၆ စင်တီ။
Extent ၄၆ စာမျက်နှာ ၊
Dimensions ၁၆ စင်တီ။
500 ## - GENERAL NOTE
General note S-SAT: Dr. Sai Aung Tun
650 ## - SUBJECT ADDED ENTRY--TOPICAL TERM
Topical term or geographic name entry element ဗုဒ္ဓဘာသာ
General subdivision တရားတော်
9 (RLIN) 13507
942 ## - ADDED ENTRY ELEMENTS (KOHA)
Source of classification or shelving scheme
Koha item type Book (Short term)
Holdings
Withdrawn status Lost status Source of classification or shelving scheme Damaged status Not for loan Collection code Permanent Location Current Location Shelving location Date acquired Total Checkouts Full call number Barcode Date last seen Price effective from Koha item type Accession
          Special Collections Shan State Buddhist University Library Shan State Buddhist University Library Special Collection Shelves 15/02/2023   ၂၉၄.၃၄၄၃ သိ ၉၂၆၆(၁) S-SAT MB00009266 15/02/2023 15/02/2023 Book (Short term) ၉၂၆၆ (၁) S-SAT
          Special Collections Shan State Buddhist University Library Shan State Buddhist University Library Special Collection Shelves 15/02/2023   ၂၉၄.၃၄၄၃ သိ ၉၂၆၇(၂) S-SAT MB00009267 30/10/2024 15/02/2023 Book (Short term) ၉၂၆၇(၂) S-SAT

Library - 09407999929
Admin Office - 09407999979
Dean Office - 09250910768
Registrar Office - 09892297154
Email - [email protected]
Shan State Buddhist University, Phaya Phyu Taunggyi, Shan State, Myanmar.